| Tag |
First Indicator |
Second Indicator |
Subfields |
| LEADER |
00000cam a2200000 a 4500 |
| 001 |
in00000034435 |
| 005 |
20151007060720.0 |
| 008 |
880303s1988 nyua b 10100 eng |
| 010 |
|
|
|a 88007043
|
| 020 |
|
|
|a 0872626482 (pbk.)
|
| 035 |
|
|
|a (OCoLC)17731830
|
| 035 |
|
|
|9 AAC1563AM
|
| 040 |
|
|
|a DLC
|c DLC
|d TXA
|d UtOrBLW
|
| 049 |
|
|
|a TXAM
|c [A11551037]
|
| 050 |
0 |
0 |
|a TA455.G44
|b G44 1988
|
| 082 |
0 |
|
|a 624.1/51363
|2 19
|
| 245 |
0 |
0 |
|a Geosynthetics for soil improvement :
|b proceedings of the symposium /
|c sponsored by the Geotechnical Engineering Division of the American Society of Civil Engineers in conjunction with the ASCE National Convention, Nashville, Tennessee, May 9, 1988 ; edited by R.D. Holtz.
|
| 264 |
|
1 |
|a New York, N.Y. :
|b ASCE,
|c [1988]
|
| 264 |
|
4 |
|c ©1988
|
| 300 |
|
|
|a 213 pages :
|b illustrations ;
|c 22 cm.
|
| 336 |
|
|
|a text
|b txt
|2 rdacontent
|
| 337 |
|
|
|a unmediated
|b n
|2 rdamedia
|
| 338 |
|
|
|a volume
|b nc
|2 rdacarrier
|
| 490 |
1 |
|
|a Geotechnical special publication ;
|v no. 18
|
| 500 |
|
|
|a Includes bibliographies and indexes.
|
| 650 |
|
0 |
|a Geotextiles
|x Congresses.
|
| 650 |
|
0 |
|a Soil stabilization
|v Congresses.
|
| 700 |
1 |
|
|a Holtz, R. D.
|q (Robert D.)
|
| 710 |
2 |
|
|a American Society of Civil Engineers.
|b Geotechnical Engineering Division.
|
| 830 |
|
0 |
|a Geotechnical special publication ;
|v no. 18.
|
| 999 |
|
|
|a MARS
|
| 999 |
f |
f |
|s acb46d49-330c-37a4-866c-456be96744fe
|i 6c5f4725-5514-3979-a0d0-f3593db9267f
|t 0
|
| 952 |
f |
f |
|p normal
|a Texas A&M University
|b College Station
|c Sterling C. Evans Library
|d Evans: Library Stacks
|t 0
|e TA455.G44 G44 1988
|h Library of Congress classification
|i unmediated -- volume
|m A14811551037
|
| 998 |
f |
f |
|a TA455.G44 G44 1988
|t 0
|l Evans: Library Stacks
|